Küreselleşme heyulası (Record no. 118)

MARC details
000 -BAŞLIK
Sabit Uzunlukta Kontrol Alanı 00805na a2200277 4500
001 - KONTROL NUMARASI
Denetim Alanı 20421
003 - KONTROL NUMARASI IDENTIFIER
Denetim Alanı MIRAKIL
005 - SON İŞLEM TARİHİ VE ZAMANI
Denetim Alanı 20181213154734.0
008 - SABİT-BOY VERİ ELEMANLARI - GENEL BİLGİLER
Sabit Uzunlukta Kontrol Alanı 170120b tu 000 0
020 ## - ULUSLARARASI STANDART KİTAP NUMARASI
Uluslararası Standart Kitap Numarası 9758725785
035 ## - SİSTEM KONTROL NUMARASI
Sistem Kontrol Numarası 20421
040 ## - KATALOGLAMA KAYNAK
Orijinal Kataloglama Ajansı Milas
Kataloglama Dili tur
Metne Dönüştürmek Ajansı TR-AnCHP
082 ## - DEWEY ONLU SINIFLANDIRMA NUMARASI
Sınıflandırma Numarası 332.414
Ürün Numarası K69k 2003
090 ## - SINIFLAMA NUMARASI
Sınıflama Numarası 332.414 K69k 2003
100 ## - ANA GİRİŞ - KİŞİSEL İSİM
Kişisel Ad Kozanoğlu, Hayri
245 ## - BAŞLIK TABLOSU
Başlık Küreselleşme heyulası
Sorumluluk Tablosu, Vb Hayri Kozanoğlu
260 ## - YAYIN, DAĞITIM, VB
Yayın, Dağıtım, Vb Yeri İstanbul
Yayıncı, Dağıtıcı, Vs Adı İthaki
Yayın, Dağıtım, Vb Tarihi 2003
300 ## - FİZİKSEL TANIM
Kapsam 234 s.
Diğer Fiziksel Ayrıntıları tbl.
Boyutlar 20 sm.
440 ## - SERİSİ TABLOSU / KATMA GİRİŞİ - BAŞLIK
Başlık İthaki yayınları
Hacim / Ardışık Tanımı 216
490 ## - SERİSİ TABLOSU
Seri Beyanı Tarih-Toplum-Kuram
Hacim / Ardışık Tanımı 9
500 ## - GENEL NOT
Genel Not Yapıt yazarından imzalıdır.
650 ## - KONU KATMA GİRİŞ - TOPİKAL DÖNEM
Topikal Süreli Veya Coğrafi Ad Giriş Elemanı Ekonomi politikaları
Genel Alt Bölümü Enternasyonalizm
650 ## - KONU KATMA GİRİŞ - TOPİKAL DÖNEM
Topikal Süreli Veya Coğrafi Ad Giriş Elemanı Uluslararası ekonomi
Genel Alt Bölümü IMF
Coğrafi Alt Bölümü Türkiye
650 ## - KONU KATMA GİRİŞ - TOPİKAL DÖNEM
Topikal Süreli Veya Coğrafi Ad Giriş Elemanı Küreselleşme
Genel Alt Bölümü Ekonomik açı
942 ## - EKLENDİ GİRİŞ ELEMANLARI (KOHA)
Sınıflandırma Veya Raf Düzeni Kaynak Dewey Decimal Classification
Koha Öğesi Türü Books
999 ## - SİSTEM KONTROL NUMARALARI (KOHA)
Koha Biblionumber 118
Koha Biblioitemnumber 118
Holdings
Kalıcı Konum Mevcut Konum Edinme Tarihi Edinim Kaynak Toplam Check-Out'Lar Tam Çağrı Numarası Barkod Tarih Son Görülme İtibaren Geçerli Fiyatlar Koha Öğesi Türü Kopya Sayısı
CHP Kütüphanesi CHP Kütüphanesi 01/19/2017 Bağış   332.414 K69k 2003 012028 01/19/2017 01/19/2017 Books  
CHP Kütüphanesi CHP Kütüphanesi 01/20/2017 Bağış   332.414 K69k 2003 012557 01/20/2017 01/20/2017 Books k.2